| 000 | 00494nam a2200169 a 4500 | ||
|---|---|---|---|
| 005 | 20210223121150.0 | ||
| 008 | 991125s1949 mx 000 0 spa u | ||
| 035 | _aUPN01000013193 | ||
| 049 | _aCG | ||
| 050 | 4 |
_aPA2071 _bD5.4 |
|
| 100 | 1 |
_aDíaz de León Avila, Jesús, _d1851-1919 _932906 |
|
| 245 | 1 | 0 |
_aCurso de raíces latinas / _cJesús Díaz de León. |
| 260 |
_aMéxico : _bRobredo, _c1949. |
||
| 300 | _a192 p. | ||
| 650 | 4 |
_aLATIN - _xGRAMATICA - _xESTUDIO Y ENSEÑANZA |
|
| 905 | _aLibro | ||
| 999 |
_c13193 _d13193 |
||